Statistics for French Language Authors - Country

Click here to take the quiz!

General Stats

  • This quiz has been taken 15 times
    (4 since last reset)
  • The average score is 10 of 14

Answer Stats

HintAnswer% Correct
Gabrielle RoyCanada
100%
Alexandre DumasFrance
100%
Victor HugoFrance
100%
Jules VerneFrance
100%
Georges SimenonBelgium
75%
Émile ZolaFrance
75%
Honoré de BalzacFrance
75%
Dany LaferrièreHaiti
75%
HergéBelgium
50%
Amélie NothombBelgium
50%
Michel TremblayCanada
50%
Amin MaaloufLebanon
50%
Jean-Jacques RosseauSwitzerland
50%
Henri-Frédéric AmielSwitzerland
25%

Score Distribution

Percentile by Number Answered

Percent of People with Each Score

Your Score History

You have not taken this quiz since the last reset